|
|
|
|
| LEADER |
00804cam a22001691 4500 |
| 082 |
|
|
|a 338.9
|b KUZ/M
|
| 100 |
1 |
|
|a Kuznets, Simon,
|
| 245 |
1 |
0 |
|a Modern economic growth: rate, structure, and spread,
|
| 260 |
|
|
|a Bombay :
|b Vakils,Feffer and Simons,
|c 1966.
|
| 300 |
|
|
|a xvii, 529 p.
|
| 490 |
1 |
|
|a Current Thought Series
|
| 650 |
|
0 |
|a Economic development.
|
| 942 |
|
|
|c BK
|
| 999 |
|
|
|c 98232
|d 98232
|
| 952 |
|
|
|0 0
|1 0
|4 0
|6 338_900000000000000_KUZ_M2
|7 0
|9 91369
|a SSS
|b SSS
|c GEN
|d 2011-12-13
|l 0
|o 338.9 KUZ/M;2
|p SSSMK0850
|r 2011-12-13
|w 2011-12-13
|y BK
|
| 952 |
|
|
|0 0
|1 0
|4 0
|6 338_900000000000000_KUZ_M
|7 0
|9 91370
|a SSS
|b SSS
|c GEN
|d 2011-12-13
|l 0
|o 338.9 KUZ/M
|p SSSMK1121
|r 2011-12-13
|w 2011-12-13
|y BK
|
| 952 |
|
|
|0 0
|1 0
|4 0
|6 338_900000000000000_KUZ_M3
|7 0
|9 91371
|a SSS
|b SSS
|c CAS
|d 2012-05-03
|l 0
|o 338.9 KUZ/M;3
|p SSSMK0759
|r 2012-05-03
|w 2012-05-03
|y BK
|